Detalles MARC
| 000 -LEADER |
| campo de control de longitud fija |
03144nam a22004697a 4500 |
| 001 - NÚMERO DE CONTROL |
| campo de control |
2404 |
| 003 - IDENTIFICADOR DE NÚMERO DE CONTROL |
| campo de control |
gttocutb |
| 005 - FECHA Y HORA DE LA ÚLTIMA TRANSACCIÓN |
| campo de control |
20251023152623.0 |
| 007 - CAMPO FIJO DE DESCRIPCIÓN FÍSICA--INFORMACIÓN GENERAL |
| campo de control de longitud fija |
ta |
| 008 - DATOS DE LONGITUD FIJA--INFORMACIÓN GENERAL |
| campo de control de longitud fija |
251023e2011 gt ao||| |||| 001 0 spa d |
| 020 11 - NÚMERO INTERNACIONAL ESTÁNDAR DEL LIBRO |
| Número Internacional Estándar del Libro |
9789929560222 |
| Condiciones de disponibilidad |
Disponible |
| 040 11 - FUENTE DE CATALOGACIÓN |
| Centro catalogador/agencia de origen |
gttocutb |
| Lengua de catalogación |
spa |
| Centro/agencia transcriptor |
gttocutb |
| Normas de descripción |
rda |
| 082 04 - NÚMERO DE LA CLASIFICACIÓN DECIMAL DEWEY |
| Número de clasificación |
972.8104 G216:3 |
| 100 11 - ENTRADA PRINCIPAL--NOMBRE DE PERSONA |
| Nombre de persona |
García Laguardia, Jorge Mario. |
| Término indicativo de función/relación |
autor |
| 245 11 - MENCIÓN DEL TÍTULO |
| Título |
La reforma liberal en Guatemala: |
| Mención de responsabilidad, etc. |
Jorge Mario García Laguardia. |
| 250 11 - MENCION DE EDICION |
| Mención de edición |
3a. |
| Resto de la mención de edición |
Documentos Tipografia Nacional |
| 264 11 - PRODUCCIÓN, PUBLICACIÓN, DISTRIBUCIÓN, FABRICACIÓN Y COPYRIGHT |
| Producción, publicación, distribución, fabricación y copyright |
Guatemala: |
| Nombre del de productor, editor, distribuidor, fabricante |
Tipografía Nacional, |
| Fecha de producción, publicación, distribución, fabricación o copyright |
2011. |
| 264 1# - PRODUCCIÓN, PUBLICACIÓN, DISTRIBUCIÓN, FABRICACIÓN Y COPYRIGHT |
| Fecha de producción, publicación, distribución, fabricación o copyright |
© 2011 |
| 300 11 - DESCRIPCIÓN FÍSICA |
| Extensión |
582 páginas : |
| Dimensiones |
21 cm. |
| Otras características físicas |
Ilustraciones y fotografías en blanco y negro. |
| 336 11 - TIPO DE CONTENIDO |
| Fuente |
rdacontenido |
| Término de tipo de contenido |
texto |
| Código de tipo de contenido |
txt |
| 337 11 - TIPO DE MEDIO |
| Fuente |
rdamedio |
| Nombre/término del tipo de medio |
sin mediación |
| Código del tipo de medio |
n |
| 338 1# - TIPO DE SOPORTE |
| Fuente |
rdasoporte |
| Nombre/término del tipo de soporte |
volumen |
| Código del tipo de soporte |
nc |
| 505 00 - NOTA DE CONTENIDO CON FORMATO |
| Información miscelánea |
Indice: |
| 505 00 - NOTA DE CONTENIDO CON FORMATO |
| Información miscelánea |
1. Independencia, anarquía y restauración -- |
| 505 0# - NOTA DE CONTENIDO CON FORMATO |
| Información miscelánea |
2. El triunfo liberal -- |
| 505 00 - NOTA DE CONTENIDO CON FORMATO |
| Información miscelánea |
3. Asamblea Constituyente de 1872: las tendencias políticas del nuevo regimen -- |
| 505 00 - NOTA DE CONTENIDO CON FORMATO |
| Información miscelánea |
4. La economía durante la Colonia -- |
| 505 0# - NOTA DE CONTENIDO CON FORMATO |
| Información miscelánea |
5. Miguel García Granados vs. Justo Rufino Barrios -- |
| 505 00 - NOTA DE CONTENIDO CON FORMATO |
| Información miscelánea |
6. Asamblea Constituyente de 1876: la teoría de la dictadura democrática -- |
| 505 00 - NOTA DE CONTENIDO CON FORMATO |
| Información miscelánea |
7. Constitución de 1879: las decisiones definitivas -- |
| 520 00 - RESUMEN, ETC. |
| Sumario, etc. |
La Reforma liberal es el punto de partida para una de las coyunturas sociales y políticas de mayor impacto en la construcción del Estado guatemalteco. Sus consecuencias son sensibles en los más diversos ámbitos desde las últimas décadas del siglo XIX y, aún hoy, a inicios del siglo XXI, muchos aspectos del "liberalismo" mantienen intacta su vigencia.<br/><br/>En este volumen, Jorge Mario García Laguardia (Guatemala, 1931) emprende un completo análisis de las tendencias ideológicas, los liderazgos personales y las decisiones políticas que influyeron en la creación y puesta en práctica de los proyectos constitucionales que sustentaron el ordenamiento jurídico en los primeros años de la época liberal. Mediante una minuciosa clasificación de fuentes documentales primarias, el autor penetra en los hechos y ensaya una interpretacion de primera mano sobre un periodo formativo de gran conflictividad en nuestra historia.<br/><br/>Publicado originalmente en 1972, este libro es un fiel reflejo de las preocupaciones que han ido forjando la brillante carrera investigativa de García Laguardia en el ámbito de la Historia del Derecho. Su trabajo ha sido fundamental para interpretar la evolución del constitucionalismo guatemalteco como un marco útil para la explicación de su problemática historia politica. |
| 521 00 - NOTA DE PÚBLICO DESTINATARIO |
| Nota de público destinatario |
Recomendado para público en general. |
| 650 14 - PUNTO DE ACCESO ADICIONAL DE MATERIA--TÉRMINO DE MATERIA |
| Fuente del encabezamiento o término |
LEMB |
| Término de materia o nombre geográfico como elemento de entrada |
Historia de Guatemala. |
| 650 14 - PUNTO DE ACCESO ADICIONAL DE MATERIA--TÉRMINO DE MATERIA |
| Fuente del encabezamiento o término |
LEMB |
| Término de materia o nombre geográfico como elemento de entrada |
Reforma liberal. |
| 650 14 - PUNTO DE ACCESO ADICIONAL DE MATERIA--TÉRMINO DE MATERIA |
| Fuente del encabezamiento o término |
LEMB |
| Término de materia o nombre geográfico como elemento de entrada |
Miguel García Granados y Justo Rufino Barrios. |
| 650 14 - PUNTO DE ACCESO ADICIONAL DE MATERIA--TÉRMINO DE MATERIA |
| Fuente del encabezamiento o término |
LEMB |
| Término de materia o nombre geográfico como elemento de entrada |
Reforma liberal 1871. |
| 650 14 - PUNTO DE ACCESO ADICIONAL DE MATERIA--TÉRMINO DE MATERIA |
| Fuente del encabezamiento o término |
LEMB |
| Término de materia o nombre geográfico como elemento de entrada |
Asamblea constituyente de 1872. |
| 650 14 - PUNTO DE ACCESO ADICIONAL DE MATERIA--TÉRMINO DE MATERIA |
| Fuente del encabezamiento o término |
LEMB |
| Término de materia o nombre geográfico como elemento de entrada |
Asamblea Costituyente de 1876. |
| 650 14 - PUNTO DE ACCESO ADICIONAL DE MATERIA--TÉRMINO DE MATERIA |
| Fuente del encabezamiento o término |
LEMB |
| Término de materia o nombre geográfico como elemento de entrada |
Constitución de 1879. |
| 700 ## - ENTRADA AGREGADA--NOMBRE PERSONAL |
| Nombre de persona |
Jorge Mario García Laguardia. |
| Término indicativo de función/relación |
(autor) |
| 942 1# - ELEMENTOS DE ENTRADA SECUNDARIOS (KOHA) |
| Fuente de la clasificación o esquema de estantería |
Clasificación Decimal Dewey |
| Tipo de ítem Koha |
Libros |
| Suprimir en OPAC |
No |
| Edición |
3a. |